[Event "AUTO-ELITE-1315"]
[Site "http://www.queenalice.com/game.php?id=1271136"]
[Date "2014.4.7"]
[Round "1"]
[White "kandido"]
[Black "chaingang"]
[Result "0-1"]
[WhiteElo "2133"]
[BlackElo "2272"]

1. d4 d5 2. Nf3 Nf6 3. c4 c6 4. Nc3 dxc4 5. a4 Qa5 6. e3 b5 7. Bd2 Qb6 8. Ne5 e6
9. f4 Be7 10. g4 Bb7 11. Bg2 O-O 12. O-O a6 13. g5 Nd5 14. Qh5 Qc7 15. Rf3 g6
16. Qh6 f6 17. Nxg6 Rf7 18. Nxe7+ Nxe7 19. gxf6 Ng6 20. f5 exf5 21. Rxf5 Nd7 22.
Raf1 Raf8 23. h4 Kh8 24. h5 Nh4 25. Ne4 Nxf5 26. Rxf5 c5 27. Ng5 Bxg2 28. Nxf7+
Rxf7 29. Kxg2 Qb7+ 30. d5 b4 31. e4 c3 32. bxc3 b3 0-1

[Event "AUTO-ELITE-1315"]
[Site "http://www.queenalice.com/game.php?id=1271137"]
[Date "2014.4.7"]
[Round "1"]
[White "chaingang"]
[Black "kandido"]
[Result "1-0"]
[WhiteElo "2261"]
[BlackElo "2185"]

1. e4 e5 2. Nf3 Nc6 3. Bb5 f5 4. Nc3 Nf6 5. exf5 e4 6. Nh4 d5 7. d3 Bc5 8. dxe4
Nxe4 9. Nxe4 Bb4+ 10. c3 Be7 11. Qh5+ Kd7 12. f6 1-0

[Event "AUTO-ELITE-1320"]
[Site "http://www.queenalice.com/game.php?id=1274599"]
[Date "2014.4.20"]
[Round "1"]
[White "chaingang"]
[Black "tucot"]
[Result "0-1"]
[WhiteElo "2280"]
[BlackElo "2294"]

1. d4 Nf6 2. c4 e6 3. Nf3 Bb4+ 4. Bd2 Qe7 5. g3 O-O 6. Bg2 Bxd2+ 7. Qxd2 d6 8.
Nc3 c6 9. O-O e5 10. e4 Bg4 11. Ne1 exd4 12. Qxd4 Qe5 13. Nc2 Na6 14. f3 Be6 15.
b3 Nc5 16. Rad1 Rad8 17. Rd2 Bc8 18. Rfd1 Ne6 19. Qxe5 dxe5 20. Bh3 Rxd2 21.
Rxd2 Nd4 22. Bg2 Nxc2 23. Rxc2 Rd8 24. Kf2 Kf8 25. Ke3 Ke7 26. Bf1 Be6 27. Be2
Nd7 28. Rd2 f6 29. b4 a5 30. a3 Ra8 31. b5 Nc5 32. Rb2 Kd6 33. f4 g6 34. h4 Re8
35. g4 exf4+ 36. Kxf4 g5+ 37. hxg5 fxg5+ 38. Kxg5 Ke5 39. bxc6 bxc6 40. Rd2 Rb8
41. Kh6 Rb3 42. Nd1 Rh3+ 43. Kg7 Nxe4 44. Rb2 h5 45. gxh5 Rg3+ 46. Bg4 Rxg4+ 0-1

[Event "AUTO-ELITE-1320"]
[Site "http://www.queenalice.com/game.php?id=1274600"]
[Date "2014.4.20"]
[Round "1"]
[White "tucot"]
[Black "chaingang"]
[Result "0-1"]
[WhiteElo "2346"]
[BlackElo "2280"]

1. e4 e5 2. Nf3 Nc6 3. Bb5 a6 4. Ba4 Nf6 5. O-O Be7 6. d3 d6 7. c3 O-O 8. Nbd2
Nd7 9. d4 Bf6 10. d5 Ne7 11. Bc2 c6 12. c4 g6 13. b4 Bg7 14. Bb3 c5 15. a3 f5
16. Ng5 Nf6 17. Bc2 h6 18. Ngf3 b6 19. g3 f4 20. gxf4 Bh3 21. fxe5 Nd7 22. Bb2
Bxf1 23. Qxf1 dxe5 24. Qh3 Rf7 25. Qg3 Qc7 26. bxc5 bxc5 27. Bc3 Raf8 28. Bd1
Rf4 29. h4 Kh7 30. Qh3 Qd6 31. Rb1 Rb8 32. Rxb8 Nxb8 33. Ba4 Rf8 34. Nf1 Nc8 35.
Ne3 Nb6 36. Bc2 N8d7 37. h5 Nc8 38. Nh4 Ne7 39. Bd1 Rf4 40. Bg4 Nf6 41. hxg6+
Kh8 42. Be6 Nxe4 43. Nhf5 Nxf5 44. Nxf5 Qb8 45. Bb4 Ng5 0-1

[Event "AUTO-ELITE-1320"]
[Site "http://www.queenalice.com/game.php?id=1274601"]
[Date "2014.4.20"]
[Round "1"]
[White "chaingang"]
[Black "FabioDavid"]
[Result "0-1"]
[WhiteElo "2267"]
[BlackElo "2529"]

1. e4 e5 2. Nf3 Nc6 3. Bb5 a6 4. Ba4 Nf6 5. d3 d6 6. O-O Be7 7. c3 O-O 8. h3 b5
9. Bc2 h6 10. Re1 Re8 11. a4 b4 12. Be3 d5 13. Nbd2 Bd6 14. Nf1 a5 15. Ng3 Rb8
16. d4 bxc3 17. bxc3 exd4 18. Bxd4 Nxd4 19. Nxd4 Bxg3 20. fxg3 Qd6 21. e5 Rxe5
22. Rxe5 Qxe5 23. Qd3 Rb2 24. Rf1 c5 25. Nc6 Qc7 26. Rxf6 Rxc2 27. Rf1 Rb2 28.
Qxd5 Bb7 29. Qd8+ Qxd8 30. Nxd8 Rxg2+ 31. Kh1 Bd5 32. Rf5 Be4 33. Re5 Bf3 34.
Re3 Rxg3+ 35. Kh2 Rg2+ 36. Kh1 Bd5 37. Re5 Rg5+ 0-1

[Event "AUTO-ELITE-1320"]
[Site "http://www.queenalice.com/game.php?id=1274602"]
[Date "2014.4.20"]
[Round "1"]
[White "FabioDavid"]
[Black "chaingang"]
[Result "1-0"]
[WhiteElo "2536"]
[BlackElo "2271"]

1. e4 e5 2. Nf3 Nc6 3. Bb5 a6 4. Bxc6 dxc6 5. O-O Qd6 6. d3 Ne7 7. Nbd2 Ng6 8.
Nc4 Qf6 9. h3 h6 10. b3 b5 11. Ne3 Bd6 12. a4 Bb7 13. Nh2 h5 14. Nf5 Ne7 15.
Nxd6+ cxd6 16. axb5 cxb5 17. Nf3 O-O 18. c4 Nc6 19. Be3 Qe7 20. Qe2 f5 21. Ng5
g6 22. h4 f4 23. Bb6 bxc4 24. bxc4 Bc8 25. c5 Nd4 26. Qa2+ Be6 27. Nxe6 Nxe6 28.
cxd6 Qxd6 29. Bc5 Qxc5 30. Qxe6+ Kg7 31. Rac1 Qb5 32. Rc7+ Kh6 33. Qe7 1-0

[Event "Challenge"]
[Site "http://www.queenalice.com/game.php?id=1292901"]
[Date "2014.7.6"]
[Round "-"]
[White "tucot"]
[Black "chaingang"]
[Result "1/2-1/2"]
[WhiteElo "2350"]
[BlackElo "2235"]

1. e4 e5 2. Nf3 Nc6 3. Bb5 a6 4. Ba4 Nf6 5. O-O Be7 6. Re1 d6 7. c3 Bg4 8. h3
Bh5 9. d3 Qd7 10. Nbd2 g5 11. d4 b5 12. dxe5 Nxe5 13. Bb3 Nd3 14. Re3 Nxc1 15.
Qxc1 g4 16. Nd4 gxh3 17. Rxh3 Rg8 18. Nf5 Bg4 19. Rg3 Bf8 20. a4 Rb8 21. axb5
axb5 22. c4 Bxf5 23. Rxg8 Nxg8 24. exf5 Bh6 25. Qc3 Kf8 26. g4 Bg7 27. Qc2 Qc6
28. cxb5 Qxc2 29. Bxc2 Bxb2 30. Ra7 Rc8 31. Ne4 Bd4 32. Ra4 Bb6 33. Kg2 d5 34.
Nc3 Rd8 35. Bb3 d4 36. Nd5 h6 37. Nxb6 cxb6 38. Ra7 d3 39. Rxf7+ Ke8 40. Rg7 Nf6
41. Rg6 Rd6 42. Kf3 d2 43. Ke2 Ne4 44. Re6+ Rxe6 45. fxe6 Ke7 46. f3 Nc3+ 47.
Kxd2 Nxb5 48. Ke3 Nc7 49. Ke4 Nxe6 50. Ke5 Nc5 51. Bc4 Nb7 52. f4 Nd6 53. Bd3 b5
54. Kd5 b4 55. Kc5 b3 56. Kb4 b2 57. Kc3 Nb5+ 58. Kxb2 Nd4 59. Bc4 Kf6 60. Kc3
Nc6 61. Kd3 Ne7 62. Ke4 Ng6 63. Bb5 Ne7 64. Be8 Ng8 65. Bh5 Ne7 66. Kd4 Nc6+ 67.
Kc5 Ne7 68. Kd6 Ng8 69. Be8 Ne7 70. Bh5 Ng8 71. Kd5 Ne7+ 72. Ke4 Nc6 73. Be8 Ne7
74. Kf3 Nd5 75. Bc6 Ne7 76. Be4 Ng8 77. Kg3 Ne7 78. Kh4 Ng8 79. Kh5 Kg7 80. g5
hxg5 81. Kxg5 Nf6 82. Bd3 Nd5 83. f5 Nf6 84. Bc4 1/2-1/2

[Event "Challenge"]
[Site "http://www.queenalice.com/game.php?id=1292903"]
[Date "2014.7.6"]
[Round "-"]
[White "chaingang"]
[Black "tucot"]
[Result "0-1"]
[WhiteElo "2259"]
[BlackElo "2335"]

1. e4 c5 2. Nf3 d6 3. d4 cxd4 4. Nxd4 Nf6 5. Nc3 a6 6. Be2 e5 7. Nb3 Be7 8. O-O
O-O 9. Kh1 b5 10. a4 b4 11. Nd5 Bb7 12. Nxe7+ Qxe7 13. f3 Qc7 14. Bg5 Nbd7 15.
c4 bxc3 16. Rc1 Rac8 17. Rxc3 Qb6 18. Rxc8 Rxc8 19. Qd3 d5 20. a5 Qe6 21. exd5
Bxd5 22. Nd2 Bb7 23. Bxf6 Nxf6 24. Bd1 Qd5 25. Qxd5 Nxd5 26. Bb3 Kf8 27. Ne4 Ke7
28. Rd1 f5 29. Bxd5 Bxd5 30. Nc3 Bb3 31. Ra1 Rb8 32. Kg1 Kd6 33. Kf2 Kc5 34. Ke3
g5 35. h4 gxh4 36. Rh1 Rb4 37. Kf2 Bf7 38. Ke3 f4+ 39. Kd3 Bg6+ 40. Ne4+ Kd5 41.
Kc3 Rc4+ 42. Kd2 Rd4+ 43. Ke2 Bxe4 44. fxe4+ Rxe4+ 45. Kd2 Ra4 46. Rxh4 Ke4 47.
Rxh7 Rxa5 48. Rh4 Ra2 49. Kc3 Ke3 50. Rh5 e4 51. Re5 Ra1 52. Re6 a5 53. Re8 Rc1+
54. Kb3 Rg1 0-1

[Event "AUTO-MASTER-2048"]
[Site "http://www.queenalice.com/game.php?id=1296301"]
[Date "2014.7.21"]
[Round "2"]
[White "Alligator427"]
[Black "chaingang"]
[Result "0-1"]
[WhiteElo "2272"]
[BlackElo "2267"]

1. e4 e5 2. Nf3 Nc6 3. Bb5 a6 4. Ba4 Nf6 5. d3 d6 6. h3 g6 7. O-O Bg7 8. c3 O-O
9. Nbd2 Nd7 10. Bb3 Nc5 11. Bc2 f5 12. b4 fxe4 13. dxe4 Ne6 14. Bb3 Kh8 15. Nc4
b5 16. Ne3 Nf4 17. Nd5 Be6 18. Nxf4 Bxb3 19. Qxb3 exf4 20. Bb2 Qe7 21. Qd5 Ne5
22. Nd4 f3 23. g3 Nc4 24. Bc1 Rae8 25. Re1 Qd7 26. Kh2 Re5 27. Qc6 Qc8 28. Bf4
Rh5 29. h4 Rxf4 0-1

[Event "AUTO-MASTER-2048"]
[Site "http://www.queenalice.com/game.php?id=1296302"]
[Date "2014.7.21"]
[Round "2"]
[White "chaingang"]
[Black "Alligator427"]
[Result "1-0"]
[WhiteElo "2248"]
[BlackElo "2231"]

1. d4 Nf6 2. c4 g6 3. Nc3 Bg7 4. e4 d6 5. Nf3 O-O 6. h3 c5 7. d5 e6 8. Bd3 exd5
9. exd5 Re8+ 10. Be3 Na6 11. a3 Nc7 12. O-O a6 13. a4 Rb8 14. a5 b5 15. axb6
Rxb6 16. Ra3 Rxb2 17. Rb3 Rxb3 18. Qxb3 Bd7 19. Qb6 Bc8 20. Bf4 Bf8 21. Bc2 Ne6
22. Qxd8 Nxd8 23. Ra1 Nh5 24. Bg5 Bg7 25. Ra3 f6 26. Bd2 f5 27. g4 fxg4 28. hxg4
Bxg4 29. Ng5 Bc8 30. Nce4 Be5 31. Nf3 Nf7 32. Nxe5 Rxe5 33. Bc3 Re7 34. Rb3 Rb7
35. Ra3 Nf4 36. Nf6+ Kf8 37. Nxh7+ Ke7 38. Bf6+ Kd7 39. Nf8+ Ke8 40. Nxg6 Nxg6
41. Bxg6 Rb4 42. Bg7 Rxc4 43. Re3+ Kd7 44. Bxf7 1-0

[Event "AUTO-MASTER-2058"]
[Site "http://www.queenalice.com/game.php?id=1296348"]
[Date "2014.7.21"]
[Round "2"]
[White "chaingang"]
[Black "lrmaster"]
[Result "1-0"]
[WhiteElo "2247"]
[BlackElo "2276"]

1. d4 d5 2. c4 c6 3. cxd5 cxd5 4. Nc3 e6 5. Nf3 Nf6 6. Bf4 a6 7. Rc1 Nc6 8. e3
Bd6 9. Bxd6 Qxd6 10. Bd3 O-O 11. O-O h6 12. Na4 Nd7 13. Nc5 Nxc5 14. Rxc5 Bd7
15. Qb3 b5 16. Rfc1 Rfc8 17. a4 Na7 18. axb5 Rcb8 19. Qa3 Bxb5 20. Bxb5 Nxb5 21.
Rxb5 Rc8 22. Rbc5 Rxc5 23. Qxc5 Qxc5 24. dxc5 Kf8 25. Kf1 Ke7 26. Ke2 a5 27. Nd4
Kd7 28. c6+ Kd8 29. c7+ Kd7 30. Nb5 Rc8 31. f4 f6 32. Kd3 1-0

[Event "AUTO-MASTER-2058"]
[Site "http://www.queenalice.com/game.php?id=1296349"]
[Date "2014.7.21"]
[Round "2"]
[White "lrmaster"]
[Black "chaingang"]
[Result "1-0"]
[WhiteElo "2259"]
[BlackElo "2265"]

1. g3 Nf6 2. Bg2 g6 3. d4 d5 4. Nf3 Bg7 5. O-O O-O 6. Nc3 b6 7. a3 Bb7 8. Re1
Nbd7 9. b4 c5 10. bxc5 bxc5 11. dxc5 Ne4 12. Nxe4 Bxa1 13. Bh6 Bg7 14. Bxg7 Kxg7
15. Nc3 Nf6 16. Qd4 Qa5 17. Qb4 Qxb4 18. axb4 a6 19. Nd4 Rac8 20. Na4 e5 21. Nb3
Bc6 22. Nb6 Rc7 23. Na5 e4 24. e3 Nd7 25. c4 dxc4 26. Nbxc4 Rb8 27. Nxc6 Rxc6
28. Bxe4 Rc7 29. Rb1 Nf6 30. Bd3 Nd5 31. Nd6 Rxb4 32. Rxb4 Nxb4 33. Ne8+ Kf8 34.
Nxc7 Nxd3 35. Nxa6 Ke7 36. Kf1 Kd7 37. Ke2 Ne5 38. f4 Ng4 39. h3 Nf6 40. Kd3 Nh5
41. g4 Nf6 42. Kd4 h5 43. g5 Ne8 44. Nb4 Nc7 45. Ke5 Ne8 46. f5 gxf5 47. Kxf5
Ke7 48. Nd5+ Kd8 49. h4 Kc8 50. c6 1-0

[Event "AUTO-MASTER-2058"]
[Site "http://www.queenalice.com/game.php?id=1296350"]
[Date "2014.7.21"]
[Round "2"]
[White "chaingang"]
[Black "JailtonMaster"]
[Result "0-1"]
[WhiteElo "2264"]
[BlackElo "2087"]

1. e4 c5 2. Nf3 Nc6 3. d4 cxd4 4. Nxd4 e6 5. Nc3 a6 6. Be3 Nf6 7. f4 Bb4 8. Bd3
O-O 9. O-O Bxc3 10. Nxc6 bxc6 11. bxc3 d5 12. e5 Ne4 13. Bxe4 dxe4 14. Bc5 Qd5
15. Qxd5 cxd5 16. Bxf8 Kxf8 17. Rab1 Bd7 18. Rb7 Bb5 19. Rb1 Rc8 20. a4 Bxa4 21.
Rb8 Rxb8 22. Rxb8+ Ke7 23. Rb7+ Ke8 24. Ra7 Bb5 25. Kf2 Kf8 26. Ke3 g6 27. g4 h6
28. h4 Kg7 29. g5 h5 30. Ra8 Bc4 31. Rc8 Bb5 32. c4 Bxc4 33. Rxc4 dxc4 34. Kxe4
Kf8 35. Kd4 Ke7 36. Kxc4 Kd7 37. Kb4 Kc6 38. Ka5 Kb7 39. c3 Ka7 40. c4 Kb7 41.
c5 Kc6 42. Kxa6 Kxc5 43. Kb7 Kd5 44. Kc7 Ke4 45. Kd7 Kxf4 46. Ke7 Kxe5 47. Kxf7
Kf5 0-1

[Event "AUTO-MASTER-2058"]
[Site "http://www.queenalice.com/game.php?id=1296351"]
[Date "2014.7.21"]
[Round "2"]
[White "JailtonMaster"]
[Black "chaingang"]
[Result "0-1"]
[WhiteElo "2108"]
[BlackElo "2260"]

1. e4 e5 2. Nf3 Nc6 3. Bb5 a6 4. Ba4 Nf6 5. O-O Be7 6. Re1 b5 7. Bb3 d6 8. c3
O-O 9. d4 Bg4 10. d5 Na5 11. Bc2 c6 12. dxc6 Nxc6 13. h3 Bh5 14. Nbd2 Qc7 15.
Nf1 Nd7 16. Be3 Nc5 17. Ng3 Bg6 18. Nf5 Bxf5 19. exf5 Rfd8 20. Qe2 f6 21. Bxc5
dxc5 22. b4 cxb4 23. Bb3+ Kh8 24. cxb4 Nxb4 25. Rec1 Qb6 26. Be6 Nd3 27. Rd1
Nxf2 28. Rxd8+ Rxd8 29. Kh2 Nd3 30. Nh4 Qf2 31. Qh5 Qf4+ 32. Kh1 Qh6 33. Qf7
Qxh4 34. Qxe7 Qd4 35. Rb1 Nf2+ 36. Kh2 Qd6 37. Qxd6 Rxd6 38. a4 Rb6 39. a5 Rb8
40. Rc1 h5 41. Bc8 b4 42. Bxa6 b3 43. Be2 b2 44. Rb1 Ne4 45. a6 Nc3 46. a7 Ra8
47. Rxb2 Rxa7 48. Rb8+ Kh7 49. Bxh5 Kh6 50. h4 g5 51. Bg6 gxh4 52. Rh8+ Kg5 53.
Kh3 Ne2 54. Rh5+ Kf4 55. Rxh4+ Ke3 56. Rg4 Kf2 57. Rb4 Nf4+ 58. Kg4 Ra6 59. g3
Nd3 60. Rb7 e4 61. Re7 e3 62. Re6 Ne5+ 63. Kh3 Rxe6 64. fxe6 Nxg6 0-1

[Event "Challenge"]
[Site "http://www.queenalice.com/game.php?id=1297048"]
[Date "2014.7.25"]
[Round "-"]
[White "TMG"]
[Black "chaingang"]
[Result "0-1"]
[WhiteElo "2220"]
[BlackElo "2253"]

1. e4 e5 2. Nf3 Nc6 3. Bb5 a6 4. Ba4 Nf6 5. O-O Be7 6. Re1 b5 7. Bb3 d6 8. c3
O-O 9. h3 Na5 10. Bc2 c5 11. d4 Qc7 12. Nbd2 cxd4 13. cxd4 Nc6 14. Nb3 a5 15. d5
Nb4 16. Bb1 a4 17. Nbd2 Bd7 18. Nf1 Rfc8 19. Ne3 g6 20. Nh2 Nh5 21. a3 Na6 22.
Nf5 gxf5 23. Qxh5 Qxc1 24. Nf3 Qc4 25. Ba2 Qc2 0-1

[Event "AUTO-MASTER-2039"]
[Site "http://www.queenalice.com/game.php?id=1299374"]
[Date "2014.8.4"]
[Round "2"]
[White "szybkielanie"]
[Black "chaingang"]
[Result "1-0"]
[WhiteElo "2234"]
[BlackElo "2261"]

1. e4 e5 2. Nf3 Nc6 3. d4 exd4 4. Bc4 Nf6 5. e5 d5 6. Bb5 Nd7 7. e6 Qe7 8. O-O
fxe6 9. Bxc6 bxc6 10. Nxd4 Bb7 11. Nxe6 Qxe6 12. Re1 Ne5 13. Bf4 Bd6 14. Bxe5
Bxe5 15. Qh5+ g6 16. Qxe5 Qxe5 17. Rxe5+ Kf7 18. Nc3 Rhe8 19. Rae1 Rxe5 20. Rxe5
Re8 21. Rxe8 Kxe8 22. Kf1 Ke7 23. f3 Bc8 24. Kf2 Bf5 25. g4 Bxc2 26. Ke3 g5 27.
f4 gxf4+ 28. Kxf4 a5 29. Ke5 h6 30. h4 Bd3 31. g5 hxg5 32. hxg5 Bc2 33. Ne2 Bd3
34. Nd4 Kd7 35. Kf6 a4 36. a3 c5 37. Ne6 Kd6 38. Nf4 Bc4 39. g6 d4 40. g7 Bg8
41. Nd3 c4 42. Nf2 c3 43. bxc3 dxc3 44. Ne4+ Kd5 45. Nxc3+ Kc4 46. Nxa4 Kb3 47.
Nc5+ Kxa3 48. Ke7 Kb4 49. Kf8 Bd5 50. Na6+ Kc3 51. Nxc7 Bc4 52. Nb5+ Kd3 53. Nd6
1-0

[Event "AUTO-MASTER-2039"]
[Site "http://www.queenalice.com/game.php?id=1299375"]
[Date "2014.8.4"]
[Round "2"]
[White "chaingang"]
[Black "szybkielanie"]
[Result "0-1"]
[WhiteElo "2279"]
[BlackElo "2210"]

1. e4 e5 2. Nf3 Nc6 3. Bb5 f5 4. d3 fxe4 5. dxe4 Nf6 6. O-O Bc5 7. Qd3 Qe7 8.
Nc3 Nb4 9. Qe2 O-O 10. a3 Nc6 11. Bg5 d6 12. Nd5 Qf7 13. Nxf6+ gxf6 14. Bh6 Rd8
15. Nh4 Nd4 16. Qc4 Be6 17. Qa4 Qh5 18. Nf5 Bxf5 19. exf5 Qxh6 20. Bc4+ d5 0-1

[Event "AUTO-MASTER-2039"]
[Site "http://www.queenalice.com/game.php?id=1299376"]
[Date "2014.8.4"]
[Round "2"]
[White "Hagel"]
[Black "chaingang"]
[Result "1/2-1/2"]
[WhiteElo "2154"]
[BlackElo "2264"]

1. e4 e5 2. Nf3 Nc6 3. d4 exd4 4. Bc4 Nf6 5. e5 d5 6. Bb5 Nd7 7. e6 Qe7 8. O-O
fxe6 9. Bxc6 bxc6 10. Nxd4 Bb7 11. Nxe6 Qxe6 12. Re1 Ne5 13. Bf4 Bd6 14. Bxe5
Bxe5 15. Qh5+ g6 16. Qxe5 Qxe5 17. Rxe5+ Kd7 18. Nc3 Rae8 19. Rae1 Rxe5 20. Rxe5
Re8 21. Rxe8 Kxe8 22. f3 Ke7 23. Ne2 c5 24. c3 g5 25. Kf2 Kf6 26. Ke3 Ke5 27. g3
h6 28. b4 Kd6 29. f4 gxf4+ 30. Kxf4 Ba6 31. Ke3 cxb4 32. cxb4 c5 33. bxc5+ Kxc5
34. Nd4 Bc8 35. Kd3 Bd7 36. a3 Bg4 37. Kc3 Kb6 38. Kb4 a6 39. Nb3 Bd1 40. h3
1/2-1/2

[Event "AUTO-MASTER-2039"]
[Site "http://www.queenalice.com/game.php?id=1299377"]
[Date "2014.8.4"]
[Round "2"]
[White "chaingang"]
[Black "Hagel"]
[Result "0-1"]
[WhiteElo "2249"]
[BlackElo "2174"]

1. e4 e6 2. d4 d5 3. e5 c5 4. c3 Nc6 5. Nf3 Qb6 6. Bd3 Bd7 7. dxc5 Bxc5 8. O-O
a5 9. a4 f6 10. Bf4 Qxb2 11. Nbd2 Qxc3 12. Nb3 Qb4 13. Nxc5 Qxc5 14. Bb5 fxe5
15. Rc1 Qb4 16. Bxc6 Qxf4 17. Bxd7+ Kxd7 18. Qd3 Ne7 19. Qb5+ Kd6 20. Qxb7 Rhc8
21. Rxc8 Rxc8 22. Qa6+ Rc6 23. Qxa5 Rc7 24. Qb6+ Nc6 25. a5 Qb4 26. Rc1 Qxb6 27.
axb6 Rb7 28. Ng5 h6 29. Nxe6 g5 30. h4 gxh4 31. Nc5 Rxb6 32. Kh2 Rb4 33. Kh3 Nd4
34. f3 Ne2 35. Rc2 Nf4+ 36. Kh2 Rc4 37. Rxc4 dxc4 38. Ne4+ Kd5 39. g3 Ne2 40.
gxh4 c3 41. Nxc3+ Nxc3 42. Kg3 h5 43. f4 e4 44. f5 e3 45. Kf3 e2 46. Kf2 Ke5 47.
f6 Kxf6 48. Ke1 Kf5 49. Kd2 Kg4 0-1